[Event "8th Mayors Cup Open 2015"]
[Site "Mumbai IND"]
[Date "2015.06.08"]
[Round "9.20"]
[White "Priyanka, K"]
[Black "Visakh, NR"]
[Result "0-1"]
[WhiteElo "1939"]
[BlackElo "2375"]
[WhiteFideId "5082986"]
[BlackFideId "25012223"]
[EventDate "2015.06.02"]

1. e4 c5 2. Nf3 d6 3. d4 cxd4 4. Nxd4 Nf6 5. Nc3 a6 6. h3 e6 7. g4 Be7 8. Bg2
Nfd7 9. g5 O-O 10. h4 Nc6 11. Be3 Nde5 12. Qe2 Nxd4 13. Bxd4 Nc6 14. Be3 b5 15.
f4 Na5 16. O-O-O Bb7 17. Kb1 Nc4 18. Bc1 Rc8 19. Qd3 Qb6 20. h5 a5 21. g6 b4 22.
Ne2 Ba6 23. Qd4 Qb8 24. gxh7+ Kh8 25. b3 Bf6 26. Qf2 Na3+ 27. Bxa3 bxa3 28. Nd4
Qb4 29. Qd2 Rc5 30. Qxb4 axb4 31. Nf3 Rfc8 32. Rd2 Kxh7 33. Bf1 Bxf1 34. Rxf1
R8c6 35. e5 dxe5 36. fxe5 Be7 37. Nd4 Rc7 38. Rxf7 Rxe5 39. Rd1 Bd6 40. Rff1 Bc5
41. Nf3 Rxh5 42. Rfe1 Re7 43. Ne5 Bf2 44. Re4 Bc5 45. Nd3 Rd7 46. Rf1 Bd4 47.
Nxb4 Bf6 48. Rxe6 Rd2 49. Ree1 Bc3 50. Re4 Rhh2 51. Rc1 g5 52. Rc4 Be5 53. Nc6
Bf6 54. b4 Rh4 55. Rc5 Rd6 56. Rf1 g4 57. Ne5 g3 58. Rc7+ Kh6 59. Nf7+ Kg6 60.
Nxd6 g2 61. Rg1 Rh1 62. c4 Rxg1+ 63. Kc2 Ra1 64. Rc8 g1=Q 65. Rg8+ Bg7 0-1

[Event "8th Mayors Cup Open 2015"]
[Site "Mumbai IND"]
[Date "2015.06.09"]
[Round "10.1"]
[White "Zubov, Alexander"]
[Black "Nguyen, Duc Hoa"]
[Result "1/2-1/2"]
[WhiteTitle "GM"]
[BlackTitle "GM"]
[WhiteElo "2612"]
[BlackElo "2487"]
[WhiteFideId "14109409"]
[BlackFideId "12401358"]
[EventDate "2015.06.02"]

1. e4 c5 2. Nf3 Nc6 3. d4 cxd4 4. Nxd4 Qb6 5. Nb3 Nf6 6. Nc3 e6 7. Bd3 a6 8. Qe2
d6 9. a4 Nb4 10. a5 Nxd3+ 11. Qxd3 Qc7 12. O-O Bd7 13. Re1 Be7 14. Qg3 O-O 15.
Bh6 Ne8 16. Be3 Bf6 17. Bd4 Bxd4 18. Nxd4 Nf6 19. e5 dxe5 20. Qxe5 Rac8 21. Nf3
Bc6 22. Qxc7 Rxc7 23. Ne5 Rfc8 24. Ne2 Bd5 25. c3 Nd7 26. Nxd7 Rxd7 27. Nd4 Rd6
28. f4 f6 29. Kf2 Kf7 30. g4 h5 31. g5 h4 32. gxf6 gxf6 33. Rg1 Rdd8 34. Rg4 Rg8
35. Rag1 Rxg4 36. Rxg4 Rc5 37. Rxh4 Rxa5 38. Ke3 Ra2 39. Rh7+ Kg8 40. Rc7 Rxb2
41. c4 Bh1 42. h4 e5 43. fxe5 fxe5 44. Nf5 Rb3+ 45. Kd2 Be4 46. Nh6+ Kf8 47. Ng4
Rd3+ 48. Kc1 Rh3 49. Nxe5 Rxh4 50. Kb2 Ke8 51. Kc3 Kd8 52. Rg7 Kc8 53. Rg4 Rh3+
54. Kb4 Bh1 55. c5 Kb8 56. c6 Bxc6 57. Nxc6+ bxc6 58. Kc5 Kc7 59. Rg7+ Kb8 60.
Kxc6 a5 61. Rg2 Rh6+ 62. Kb5 Rh5+ 63. Ka4 1/2-1/2

[Event "8th Mayors Cup Open 2015"]
[Site "Mumbai IND"]
[Date "2015.06.09"]
[Round "10.2"]
[White "Kravtsiv, Martyn"]
[Black "Priyadharshan, K."]
[Result "1-0"]
[WhiteTitle "GM"]
[BlackTitle "IM"]
[WhiteElo "2589"]
[BlackElo "2462"]
[WhiteFideId "14113147"]
[BlackFideId "5018293"]
[EventDate "2015.06.02"]

1. e4 e5 2. Nf3 Nc6 3. Bc4 Nf6 4. Ng5 d5 5. exd5 Na5 6. Bb5+ c6 7. dxc6 bxc6 8.
Bd3 Nd5 9. Nf3 Bd6 10. O-O Nf4 11. Re1 Nxd3 12. cxd3 O-O 13. Nc3 Re8 14. Ne4 Bf8
15. b4 Nb7 16. Bb2 Bg4 17. h3 Bxf3 18. Qxf3 Qd5 19. Bc3 Rad8 20. Re3 f6 21. Rae1
Re7 22. Qg3 Rf7 23. f4 exf4 24. Qxf4 Nd6 25. Nc5 Qxa2 26. Ne6 Rdd7 27. Bd4 Nb7
28. Nxf8 Rxf8 29. Re7 Qd5 30. Bxa7 h6 31. R1e4 Rxe7 32. Rxe7 Nd8 33. Bc5 Nf7 34.
Qg4 Ra8 35. Qg6 Ra1+ 36. Kh2 Ra8 37. h4 Rc8 38. d4 Ra8 39. d3 Rc8 40. Kg3 Qb3
41. Qe4 h5 42. Kh2 Rd8 43. Qxc6 Qxd3 44. Rxf7 Kxf7 45. Qc7+ Kg6 46. Qxd8 Qe4 47.
Qe7 Qf4+ 48. Kg1 Qc1+ 49. Kf2 Qf4+ 50. Ke2 Qg4+ 51. Kd3 Qd1+ 52. Kc4 Qf1+ 53.
Kd5 Qf5+ 54. Kd6 Qf4+ 55. Kc6 Qxh4 56. Qe2 Qf4 57. Qe8+ Kh6 58. d5 Qc4 59. b5 h4
60. d6 Qc2 61. d7 Qxg2+ 62. Kb6 h3 63. d8=Q h2 64. Be3+ Kh7 65. Qh5# 1-0

[Event "8th Mayors Cup Open 2015"]
[Site "Mumbai IND"]
[Date "2015.06.09"]
[Round "10.3"]
[White "Laxman, R.R."]
[Black "Paichadze, Luka"]
[Result "0-1"]
[WhiteTitle "GM"]
[BlackTitle "GM"]
[WhiteElo "2417"]
[BlackElo "2558"]
[WhiteFideId "5005361"]
[BlackFideId "13602934"]
[EventDate "2015.06.02"]

1. d4 Nf6 2. Nf3 e6 3. c4 b6 4. g3 Ba6 5. b3 d5 6. cxd5 exd5 7. Bg2 Bb4+ 8. Bd2
Bd6 9. Nc3 O-O 10. Ne5 Re8 11. f4 c5 12. Be3 Nbd7 13. Nxd5 cxd4 14. Bxd4 Nxd5
15. Bxd5 Nxe5 16. Bxe5 Bxe5 17. fxe5 Rxe5 18. Bxa8 Rxe2+ 19. Qxe2 Bxe2 20. Kxe2
Qxa8 21. Kf2 h5 22. Rhe1 h4 23. Re2 h3 24. Rae1 Qg2+ 25. Ke3 Qd5 26. Kf4 g6 27.
g4 Qd6+ 28. Kf3 g5 29. Re8+ Kg7 30. R1e5 Qd3+ 31. Kf2 Qd4+ 32. Ke2 Qxg4+ 33. Kd3
Qf3+ 34. Kc2 g4 35. Rg5+ Kf6 36. Rgg8 0-1

[Event "8th Mayors Cup Open 2015"]
[Site "Mumbai IND"]
[Date "2015.06.09"]
[Round "10.4"]
[White "Kokarev, Dmitry"]
[Black "Azaladze, Shota"]
[Result "1/2-1/2"]
[WhiteTitle "GM"]
[BlackTitle "IM"]
[WhiteElo "2639"]
[BlackElo "2499"]
[WhiteFideId "4132181"]
[BlackFideId "13603027"]
[EventDate "2015.06.02"]

1. e4 c5 2. Nf3 e6 3. d4 cxd4 4. Nxd4 a6 5. Bd3 Nf6 6. O-O e5 7. Nb3 Be7 8. Nc3
d6 9. Be3 Be6 10. f3 Nfd7 11. Qd2 Nc5 12. Rfd1 Nc6 13. Bf1 h6 14. Qf2 Nd7 15.
Nd5 Bg5 16. Bxg5 hxg5 17. Nc3 Qe7 18. Qd2 Nb6 19. Qxd6 Qxd6 20. Rxd6 1/2-1/2

[Event "8th Mayors Cup Open 2015"]
[Site "Mumbai IND"]
[Date "2015.06.09"]
[Round "10.5"]
[White "Mchedlishvili, Mikheil"]
[Black "Abdulla, Al-Rakib"]
[Result "1/2-1/2"]
[WhiteTitle "GM"]
[BlackTitle "GM"]
[WhiteElo "2597"]
[BlackElo "2498"]
[WhiteFideId "13600966"]
[BlackFideId "10200444"]
[EventDate "2015.06.02"]

1. e4 e5 2. Nf3 Nc6 3. Bb5 a6 4. Ba4 Nf6 5. O-O Be7 6. d3 d6 7. c3 O-O 8. Re1
Nd7 9. Bc2 Bf6 10. Nbd2 Nb6 1/2-1/2

[Event "8th Mayors Cup Open 2015"]
[Site "Mumbai IND"]
[Date "2015.06.09"]
[Round "10.6"]
[White "Smirnov, Pavel"]
[Black "Swapnil, S. Dhopade"]
[Result "1-0"]
[WhiteTitle "GM"]
[BlackTitle "IM"]
[WhiteElo "2588"]
[BlackElo "2453"]
[WhiteFideId "4123425"]
[BlackFideId "5019184"]
[EventDate "2015.06.02"]

1. d4 Nf6 2. c4 e6 3. g3 d5 4. Bg2 Be7 5. Nf3 O-O 6. O-O dxc4 7. Ne5 Nc6 8. Bxc6
bxc6 9. Nxc6 Qe8 10. Nxe7+ Qxe7 11. Na3 c5 12. dxc5 Qxc5 13. Be3 Qh5 14. f3 c3
15. bxc3 Qa5 16. Qc1 Ba6 17. c4 Rac8 18. Rd1 Nd5 19. Rd4 1-0

[Event "8th Mayors Cup Open 2015"]
[Site "Mumbai IND"]
[Date "2015.06.09"]
[Round "10.7"]
[White "Aleksandrov, Aleksej"]
[Black "Prasanna, Raghuram Rao"]
[Result "1-0"]
[WhiteTitle "GM"]
[BlackTitle "IM"]
[WhiteElo "2607"]
[BlackElo "2424"]
[WhiteFideId "13500139"]
[BlackFideId "5022401"]
[EventDate "2015.06.02"]

1. d4 Nf6 2. c4 e6 3. Nc3 Bb4 4. e3 d5 5. a3 Bxc3+ 6. bxc3 O-O 7. cxd5 exd5 8.
Bd3 c5 9. Ne2 Nc6 10. O-O Re8 11. f3 b6 12. Ng3 Bb7 13. Ra2 Rc8 14. Re2 cxd4 15.
cxd4 Na5 16. Kh1 h5 17. Ree1 Nc4 18. Qb3 Rc7 19. Qa2 Nd6 20. Rf2 Qc8 21. Rc2
Rxc2 22. Bxc2 h4 23. Nf1 Ba6 24. Bb1 Nb5 25. Qf2 Qc3 26. Bb2 Qa5 27. Qd2 Qxd2
28. Nxd2 Nd6 29. Kg1 Nc4 30. Nxc4 Bxc4 31. Kf2 b5 32. Bc3 Nd7 33. e4 Nb6 34. Bb4
Ra8 35. Ba5 Rc8 36. e5 Bb3 37. Bf5 Rc6 38. e6 fxe6 39. Bxe6+ Kh8 40. Bf5 g6 41.
Bd3 Nc4 42. Re8+ Kg7 43. Re7+ Kh6 44. Bc7 Nd6 45. Ke1 Nf5 46. Rf7 Bc2 47. Bxb5
Re6+ 48. Kf2 Nxd4 49. Bf1 Nf5 50. Bf4+ g5 51. Bd2 d4 52. Rxa7 Ne3 53. Ra6 Nd1+
54. Kg1 Rxa6 55. Bxa6 Kg6 56. Kf1 Nb2 57. Ke2 Bf5 58. Bb5 g4 59. a4 h3 60. gxh3
d3+ 61. Kf2 gxf3 62. Kxf3 Be6 63. Ke4 Nc4 64. Kxd3 Nxd2 65. Kxd2 Bxh3 66. Ke3
Bc8 67. Kd4 Kf5 68. Kc5 Kg4 69. Kb6 1-0

[Event "8th Mayors Cup Open 2015"]
[Site "Mumbai IND"]
[Date "2015.06.09"]
[Round "10.8"]
[White "Gagunashvili, Merab"]
[Black "Vignesh, NR"]
[Result "1-0"]
[WhiteTitle "GM"]
[WhiteElo "2600"]
[BlackElo "2399"]
[WhiteFideId "13601652"]
[BlackFideId "25012215"]
[EventDate "2015.06.02"]

1. e4 e5 2. Nf3 Nc6 3. Bb5 a6 4. Ba4 d6 5. c3 Bd7 6. O-O g6 7. d4 Bg7 8. d5 Nce7
9. c4 h6 10. Nc3 f5 11. Bxd7+ Qxd7 12. exf5 Nxf5 13. Nd2 Nf6 14. Nde4 Nxe4 15.
Nxe4 O-O 16. Qd3 Rad8 17. b3 Qf7 18. Ba3 Nd4 19. Bb2 Nf5 20. Rad1 Rfe8 21. b4 c6
22. Rd2 Rc8 23. g4 cxd5 24. cxd5 Nh4 25. f4 Qd7 26. f5 gxf5 27. gxf5 Nxf5 28.
Qh3 Rf8 29. Ng3 Rc4 30. Nxf5 1-0

[Event "8th Mayors Cup Open 2015"]
[Site "Mumbai IND"]
[Date "2015.06.09"]
[Round "10.9"]
[White "Ravi, Teja S."]
[Black "Rahman, Ziaur"]
[Result "1/2-1/2"]
[WhiteTitle "IM"]
[BlackTitle "GM"]
[WhiteElo "2403"]
[BlackElo "2500"]
[WhiteFideId "5017220"]
[BlackFideId "10200037"]
[EventDate "2015.06.02"]

1. d4 e6 2. c4 d5 3. Nf3 c6 4. e3 Bd6 5. Bd3 f5 6. O-O Nf6 7. b3 Qe7 8. Bb2 O-O
9. Qc1 b6 10. Ba3 Bb7 11. Bxd6 Qxd6 12. Nc3 Nbd7 13. cxd5 Nxd5 14. Rd1 Rac8 15.
Qb2 Nxc3 16. Qxc3 c5 17. Be2 Qe7 18. dxc5 1/2-1/2

[Event "8th Mayors Cup Open 2015"]
[Site "Mumbai IND"]
[Date "2015.06.09"]
[Round "10.10"]
[White "Deepan, Chakkravarthy J."]
[Black "Visakh, NR"]
[Result "1/2-1/2"]
[WhiteTitle "GM"]
[WhiteElo "2497"]
[BlackElo "2375"]
[WhiteFideId "5011132"]
[BlackFideId "25012223"]
[EventDate "2015.06.02"]

1. e4 c5 2. Nf3 d6 3. d4 cxd4 4. Nxd4 Nf6 5. Nc3 a6 6. Be3 e5 7. Nb3 Be6 8. h3
Nc6 9. Qf3 d5 10. exd5 Bxd5 11. Nxd5 Qxd5 12. Qxd5 Nxd5 13. Bd2 Ndb4 14. Kd1
O-O-O 15. a3 Nd5 16. c3 Bd6 17. Kc2 Bc7 18. Be2 Rhe8 19. Rad1 e4 20. c4 Nde7 21.
Bc3 Be5 22. Bxe5 Nxe5 23. Nc5 f5 24. Ne6 Rd7 25. Kc3 g6 26. b4 Ng8 27. Rxd7 Kxd7
28. Nf4 Nf6 29. Rd1+ Ke7 30. c5 Rd8 31. Rxd8 Kxd8 32. b5 axb5 33. Bxb5 Nc6 34.
Bxc6 bxc6 35. Kd4 Nd7 36. a4 Ke7 37. a5 Nb8 38. h4 Na6 39. g3 Kf6 40. Ng2 Ke6
41. Ne3 Ke7 42. g4 Ke6 43. g5 Nc7 44. Nc2 Nb5+ 45. Kc4 Ke5 46. a6 f4 47. Nd4 Na7
48. Ne2 Nb5 49. Nd4 Na7 50. Ne2 Nb5 51. Nc3 Na7 1/2-1/2

[Event "8th Mayors Cup Open 2015"]
[Site "Mumbai IND"]
[Date "2015.06.09"]
[Round "10.11"]
[White "Harsha, Bharathakoti"]
[Black "Sivuk, Vitaly"]
[Result "0-1"]
[BlackTitle "GM"]
[WhiteElo "2332"]
[BlackElo "2491"]
[WhiteFideId "5078776"]
[BlackFideId "14116502"]
[EventDate "2015.06.02"]

1. c4 Nf6 2. g3 e6 3. Bg2 d5 4. Nf3 d4 5. O-O c5 6. b3 Nc6 7. e3 Bd6 8. exd4
cxd4 9. Re1 O-O 10. Ba3 Re8 11. d3 e5 12. Bxd6 Qxd6 13. a3 a5 14. Nbd2 Bf5 15.
Qc2 h6 16. Nh4 Bh7 17. Ne4 Nxe4 18. Bxe4 Qd7 19. Bxh7+ Kxh7 20. Rab1 f5 21. Re2
e4 22. Qd2 g5 23. Ng2 Ne5 24. Ne1 exd3 25. Rxe5 Rxe5 26. Nxd3 Re7 27. Rd1 b6 28.
f4 gxf4 29. Nxf4 Re4 30. Nd5 Qd6 31. Qf2 Qe5 32. Nxb6 Re8 33. Nd7 Qe6 34. Nc5
Re1+ 35. Rxe1 Qxe1+ 36. Qxe1 Rxe1+ 37. Kf2 Re3 38. b4 Rxa3 39. bxa5 Rxa5 40. Ne6
Ra2+ 41. Kf3 d3 42. Nf4 Rxh2 43. Nxd3 Rc2 44. Ne5 Kg7 45. Kf4 Kf6 46. Nd7+ Ke7
47. Nb6 Ke6 48. g4 Rf2+ 49. Ke3 Rf1 50. gxf5+ Kxf5 51. c5 Ke6 52. Ke4 Rc1 53.
Kd4 h5 54. Nc4 h4 55. Ne3 h3 56. Ng4 Rg1 0-1

[Event "8th Mayors Cup Open 2015"]
[Site "Mumbai IND"]
[Date "2015.06.09"]
[Round "10.13"]
[White "Puranik, Abhimanyu"]
[Black "Swayams, Mishra"]
[Result "1-0"]
[WhiteTitle "CM"]
[BlackTitle "IM"]
[WhiteElo "2307"]
[BlackElo "2439"]
[WhiteFideId "5061245"]
[BlackFideId "5028183"]
[EventDate "2015.06.02"]

1. e4 e5 2. Nf3 Nc6 3. Bb5 a6 4. Ba4 Nf6 5. O-O Be7 6. Re1 b5 7. Bb3 d6 8. c3
O-O 9. h3 Nd7 10. d4 Bf6 11. Bc2 Bb7 12. d5 Ne7 13. a4 Nb6 14. a5 Nd7 15. c4
bxc4 16. Na3 g6 17. Nxc4 Bg7 18. b4 h6 19. Rb1 f5 20. Ne3 Qe8 21. exf5 gxf5 22.
Nh4 e4 23. g4 fxg4 24. Nxg4 Bxd5 25. Bxe4 Bxe4 26. Rxe4 Ne5 27. Nxh6+ Kh8 28. f4
Qc6 29. Qh5 Bxh6 30. Qxh6+ Kg8 31. Re2 Qc4 32. Rg2+ Kf7 33. fxe5 Ke8 34. Bg5 Qe4
35. Rd1 1-0

[Event "8th Mayors Cup Open 2015"]
[Site "Mumbai IND"]
[Date "2015.06.09"]
[Round "10.14"]
[White "Mohammad, Nubairshah Shaikh"]
[Black "Sanjay, N."]
[Result "1/2-1/2"]
[WhiteElo "2428"]
[BlackElo "2310"]
[WhiteFideId "5053196"]
[BlackFideId "5003075"]
[EventDate "2015.06.02"]

1. d4 Nf6 2. c4 c5 3. d5 b5 4. cxb5 a6 5. bxa6 g6 6. Nc3 Bg7 7. Nf3 O-O 8. g3 d6
9. Bg2 Qa5 10. O-O Nbd7 11. Bd2 Nb6 12. b3 Qxa6 13. Nh4 Bg4 14. Re1 Rfb8 15. a4
Nc8 16. h3 Bd7 17. e4 Qb6 18. Rb1 Ne8 19. Bf1 Nc7 20. Nf3 e6 21. Bc4 Qb7 22.
dxe6 fxe6 23. Kg2 Bc6 24. Bd3 d5 25. exd5 exd5 26. Qe2 Nd6 27. Qe7 Rd8 28. Qh4
Re8 29. Ne2 d4 30. Ng1 Rxe1 31. Rxe1 Re8 32. Qf4 Rxe1 33. Bxe1 Nce8 34. Bc2 Bd5
35. a5 Bxb3 36. a6 Qd5 37. Bxb3 Qxb3 38. Qg5 Qb6 39. Qd5+ Kf8 40. Ng5 Qxa6 41.
Ne6+ Ke7 42. Nxc5 Qc4 43. Qc6 Kf8 44. Nd7+ Kf7 45. Qf3+ Kg8 46. Nb6 Qb5 47. Nd5
Qb7 48. Bb4 Qf7 49. Ne2 Qxf3+ 50. Kxf3 Kf7 51. Nef4 g5 52. Nd3 Ke6 53. Nb6 Nb5
54. Nc5+ Kf5 55. Nbd7 Nc3 56. g4+ Kg6 57. Ne4 Nd5 58. Bd2 h6 59. Ke2 1/2-1/2

[Event "8th Mayors Cup Open 2015"]
[Site "Mumbai IND"]
[Date "2015.06.09"]
[Round "10.15"]
[White "Hossain, Enamul"]
[Black "Praneeth, Surya K."]
[Result "1-0"]
[WhiteTitle "GM"]
[BlackTitle "FM"]
[WhiteElo "2423"]
[BlackElo "2305"]
[WhiteFideId "10200649"]
[BlackFideId "5091411"]
[EventDate "2015.06.02"]

1. e4 c5 2. c3 e6 3. d4 d5 4. exd5 exd5 5. Nf3 Nc6 6. Bb5 Bd6 7. O-O Ne7 8. dxc5
Bxc5 9. Nbd2 O-O 10. Nb3 Bd6 11. Bg5 Bg4 12. Bh4 Qb6 13. Bd3 h6 14. Bg3 Bxg3 15.
hxg3 a5 16. a4 Rfd8 17. Re1 Rac8 18. Bb5 Nf5 19. Qd3 Bxf3 20. Qxf3 Nfe7 21. Rad1
Rc7 22. Rd3 Rcd7 23. Rde3 Ng6 24. Re8+ Kh7 25. Qf5 Qc7 26. R8e2 Kg8 27. Re8+ Kh7
28. R8e2 Kg8 29. Bd3 Re7 30. Rxe7 Ncxe7 31. Qh5 Qb6 32. Bb5 Kh7 33. Nd4 Rd6 34.
Rxe7 Nxe7 35. Qxf7 Qd8 36. Ne6 Qg8 37. Nf8+ Kh8 38. Qxe7 Rf6 39. Nd7 Re6 40. Qf8
Qxf8 41. Nxf8 Re1+ 42. Kh2 Rb1 43. Ng6+ Kh7 44. Ne7 Rxb2 45. f4 Rd2 46. g4 g6
47. Kg3 Kg7 48. Kf3 Kf7 49. Nc8 Ke6 50. Nb6 Kd6 51. c4 d4 52. Nd5 d3 53. Nc3 Rc2
54. Ne4+ Ke7 55. g3 Re2 56. c5 Ra2 57. Ke3 d2 58. Nxd2 Ra3+ 59. Ke2 Rc3 60. Bc4
Rc2 61. Ke3 Rc3+ 62. Kf2 1-0

[Event "8th Mayors Cup Open 2015"]
[Site "Mumbai IND"]
[Date "2015.06.09"]
[Round "10.17"]
[White "Debashis, Das"]
[Black "Vaishali, R"]
[Result "1-0"]
[WhiteTitle "GM"]
[BlackTitle "WFM"]
[WhiteElo "2508"]
[BlackElo "2256"]
[WhiteFideId "5024854"]
[BlackFideId "5091756"]
[EventDate "2015.06.02"]

1. e4 e5 2. Nf3 Nc6 3. Bb5 a6 4. Ba4 d6 5. O-O Bd7 6. c3 g6 7. d4 Bg7 8. Be3 Nf6
9. Nbd2 O-O 10. h3 Nh5 11. Re1 Kh8 12. dxe5 dxe5 13. Qc2 Qe7 14. Rad1 b5 15. Bb3
Nd8 16. c4 Ne6 17. cxb5 axb5 18. Bxe6 Qxe6 19. Nb3 Rfd8 20. Qxc7 Qc6 21. Bb6
Rdc8 22. Qxd7 Qxb6 23. Ng5 Rc2 24. Rd2 Rxd2 25. Nxf7+ Kg8 26. Qxd2 Nf4 27. Ng5
Bh6 28. h4 Bxg5 29. hxg5 Rd8 30. Qe3 Qe6 31. Nc5 Qg4 32. Qb3+ Kh8 33. Qg3 Qh5
34. Qf3 Qxf3 35. gxf3 Rd2 36. b3 b4 37. Ra1 Nh3+ 38. Kg2 Nf4+ 39. Kg3 Nh5+ 40.
Kg2 Nf4+ 41. Kf1 Rc2 42. Nd7 Nd3 43. Kg1 Nxf2 44. Nxe5 Nh3+ 45. Kf1 Nxg5 46. a4
bxa3 47. Rxa3 Kg7 48. b4 Kf6 49. Ng4+ Ke6 50. Rb3 h5 51. Nf2 Rc7 52. b5 Ke5 53.
b6 Rb7 54. f4+ Kxf4 55. Nd3+ Kg4 56. Nc5 Rf7+ 57. Kg2 h4 58. b7 h3+ 59. Kg1 h2+
60. Kxh2 1-0

[Event "8th Mayors Cup Open 2015"]
[Site "Mumbai IND"]
[Date "2015.06.09"]
[Round "10.18"]
[White "Kulkarni, Rakesh"]
[Black "Himanshu, Sharma"]
[Result "1-0"]
[BlackTitle "IM"]
[WhiteElo "2353"]
[BlackElo "2420"]
[WhiteFideId "5037077"]
[BlackFideId "5007836"]
[EventDate "2015.06.02"]

1. e4 g6 2. d4 Bg7 3. Nc3 d6 4. Be3 a6 5. Qd2 b5 6. a3 Nd7 7. O-O-O Bb7 8. f3 e6
9. g4 h5 10. g5 Ne7 11. Bh3 Nb6 12. Nge2 Nc4 13. Qd3 d5 14. Nf4 dxe4 15. fxe4 e5
16. Nfe2 Bc8 17. Bxc8 Qxc8 18. d5 Nxe3 19. Qxe3 O-O 20. d6 cxd6 21. Rxd6 Rd8 22.
Rxd8+ Qxd8 23. Rd1 Qc7 24. Nd5 Nxd5 25. exd5 Rd8 26. Qe4 Qe7 27. h4 f5 28. gxf6
Qxf6 29. Kb1 Qf5 30. Ng3 Qxe4 31. Nxe4 Bf8 32. b3 Be7 33. c4 bxc4 34. bxc4 Rc8
35. d6 Bxh4 36. c5 Bd8 37. Rc1 Rc6 38. Kc2 Kf7 39. Kd3 Ke6 40. Kc4 g5 41. Rh1 h4
42. Rg1 Rc8 43. Nxg5+ Bxg5 44. Rxg5 Rh8 45. Rg6+ Kf7 46. Rg1 Ke6 47. Rd1 h3 48.
d7 Ke7 49. c6 Kd8 50. Kc5 h2 51. Kb6 Rh6 52. Kb7 1-0

[Event "8th Mayors Cup Open 2015"]
[Site "Mumbai IND"]
[Date "2015.06.09"]
[Round "10.19"]
[White "Ram, S. Krishnan"]
[Black "Dimakiling, Oliver"]
[Result "1-0"]
[BlackTitle "IM"]
[WhiteElo "2253"]
[BlackElo "2409"]
[WhiteFideId "5010519"]
[BlackFideId "5202248"]
[EventDate "2015.06.02"]

1. d4 d5 2. c4 e6 3. Nc3 Bb4 4. e3 Nf6 5. a3 Be7 6. Nf3 a6 7. c5 O-O 8. Be2 b6
9. b4 a5 10. Rb1 axb4 11. axb4 c6 12. O-O Nbd7 13. Qc2 b5 14. Nd2 e5 15. Nb3 Qc7
16. f4 exd4 17. exd4 Ne4 18. Nxe4 dxe4 19. Bxb5 Nf6 20. Bc4 Rb8 21. Qc3 Bf5 22.
h3 h5 23. Be3 Rfd8 24. Na5 h4 25. Qb3 Bf8 26. Qa4 Rbc8 27. Ba6 Ra8 28. Bb7 Nd5
29. Bxa8 Rxa8 30. Rb3 Bd7 31. Ra3 g6 32. Qb3 Rb8 33. Ra4 Be6 34. Qa3 Bg7 35. Kh1
Ne7 36. f5 Nxf5 37. Bf4 Qc8 38. Bxb8 Qxb8 39. Rxf5 gxf5 40. Nxc6 Qb5 41. Ra8+
Kh7 42. Qa6 Qxa6 43. Rxa6 e3 44. Ne5 Bh6 45. Kg1 Bf4 46. Rxe6 1-0

[Event "8th Mayors Cup Open 2015"]
[Site "Mumbai IND"]
[Date "2015.06.09"]
[Round "10.20"]
[White "Semcesen, Daniel"]
[Black "Ivana Maria, Furtado"]
[Result "1-0"]
[WhiteTitle "GM"]
[BlackTitle "WIM"]
[WhiteElo "2471"]
[BlackElo "2212"]
[WhiteFideId "1706993"]
[BlackFideId "5048400"]
[EventDate "2015.06.02"]

1. d4 Nf6 2. c4 e6 3. Nc3 Bb4 4. Qc2 c5 5. dxc5 Na6 6. a3 Qa5 7. Bd2 Nxc5 8. Rb1
Bxc3 9. Bxc3 Qa4 10. Qxa4 Nxa4 11. Be5 b6 12. f3 Ke7 13. e4 d6 14. Bd4 Bb7 15.
Ne2 Rhc8 16. b3 Nc5 17. Nc3 a6 18. Be2 b5 19. cxb5 axb5 20. Nxb5 Ba6 21. b4 Bxb5
22. Bxb5 Nb3 23. Bb2 Nh5 24. g3 e5 25. Bd3 f5 26. exf5 Nf6 27. Kf2 Ra7 28. Rhe1
Kf7 29. Rbd1 Nd5 30. Be4 Nc3 31. Rxd6 Nd4 32. Bd3 Ndb5 33. Bxb5 Nxb5 34. Rd3 Nd4
35. Red1 Nxf5 36. Bxe5 Rc2+ 37. Kg1 Re2 38. Bf4 Ra2 39. Rd7+ Rxd7 40. Rxd7+ Kf6
41. Rd3 g5 42. Bd2 h5 43. b5 h4 44. gxh4 Nxh4 45. b6 1-0